000 00281nam a2200121Ia 4500
008 191201s2012 xx 000 0 und d
100 _aKINICKI, Angelo
245 0 _aOrganizational Behavior
260 _aN. delhi
_bTMH
_c2012
300 _a472
650 _aBBA
942 _2ddc
_cBK
_01
999 _c6261
_d6261